Etawah files (Record no. 360703)
[ view plain ]
| 000 -LEADER | |
|---|---|
| fixed length control field | 03387nam a22002177a 4500 |
| 003 - CONTROL NUMBER IDENTIFIER | |
| control field | 0 |
| 005 - DATE AND TIME OF LATEST TRANSACTION | |
| control field | 20260402114243.0 |
| 020 ## - INTERNATIONAL STANDARD BOOK NUMBER | |
| ISBN | 9789355215079 |
| 082 ## - DEWEY DECIMAL CLASSIFICATION NUMBER | |
| Classification number | CS 363.2 BRI |
| 100 ## - MAIN ENTRY--AUTHOR NAME | |
| Personal name | Brij Lal |
| 245 ## - TITLE STATEMENT | |
| Title | Etawah files |
| 260 ## - PUBLICATION, DISTRIBUTION, ETC. (IMPRINT) | |
| Place of publication | New Delhi |
| Name of publisher | Prabhat Prakashan |
| Year of publication | 2024 |
| 300 ## - PHYSICAL DESCRIPTION | |
| Number of Pages | 200 |
| 520 ## - SUMMARY, ETC. | |
| Summary, etc | मैंने नेताजी से कहा कि इंटर स्टेट गैंग के कुख्यात इनामी डकैत भूरा यादव मारा गया है और 4 लोगों की जान बचाई गई है। यदि मैंने इस साहसिक मुठभेड़ के बाद पूरे थाने को निलंबित कर दिया तो पुलिस का मनोबल टूटेगा और ऐसी स्थिति में वे राम आसरे चौबे उर्फ फक्कड़ गैंग पर कैसे कार्रवाई करेंगे। मुख्यमंत्रीजी नाराज होकर मीटिंग से उठ गए। डी.जी.पी. घबराकर कहने लगे कि मैं सबको निलंबित करता हूँ। मैंने पुलिस महानिदेशक को साफ-साफ बता दिया कि मैं पुलिसजनों को निलंबित नहीं करूँगा।<br/><br/><br/>मुख्यमंत्री अखिलेश यादव ने वर्ष 2013 में एक ही दिन आतंकवादियों के मुकदमों की 14 चार्जशीटों को न्यायालय से वापस लेने के आदेश दिए थे, परंतु इलाहाबाद उच्च न्यायालय ने उन्हें झटका दे दिया। इलाहाबाद हाईकोर्ट के न्यायमूर्ति आर.के. अग्रवाल और न्यायमूर्ति आर.एस.आर. मौर्या की पीठ ने निर्णय दिया कि आज आप आतंकवादियों को रिहा कर रहे हैं, कल आप उन्हें पद्मभूषण भी दे सकते हैं।<br/><br/><br/>इस पूरे घटनाक्रम के विश्लेषण से पता चलता है कि गोली शिवपाल सिंह के गनर राजेश की कार्बाइन से चली थी, जिसमें एस.आई. आर.पी. सिंह मारे गए और हेड कांस्टेबल सुरेंद्र सिंह घायल हो गए। साक्ष्य को मिटाने के लिए शिवपाल सिंह के गनर द्वारा कार्बाइन और 192 कारतूस इटावा पुलिस लाइन की आर्मरी में जमा कर दिए गए। |
| 650 ## - SUBJECT ADDED ENTRY--TOPICAL TERM | |
| Topical Term | Memoirs |
| 9 (RLIN) | 18718 |
| 650 ## - SUBJECT ADDED ENTRY--TOPICAL TERM | |
| Topical Term | Social Science |
| 9 (RLIN) | 18719 |
| 942 ## - ADDED ENTRY ELEMENTS (KOHA) | |
| Koha item type | Donated Books |
| Lost status | Home library | Current library | Date acquired | Cost, normal purchase price | Full call number | Accession Number | Koha item type | Public Note |
|---|---|---|---|---|---|---|---|---|
| Gandhi Smriti Library | Gandhi Smriti Library | 2026-04-02 | 300.00 | CS 363.2 BRI | 173419 | Donated Books | 300.00 |
